000 00676cam a2200229 4500
001 M98040
008 090401t1999 xxu||||| |||| 00| 0 eng d
035 _a(Sirsi) u92742
041 _aeng
050 _a690
110 _aBuilding Research Establishment
245 _aWind loading on buildings: BS6399-2:1997 worked examples- effective wind speeds of a site, and loads on a two-storey house.
260 _aGarston, Watford
_bBuilding Research Establishment
_c1999
300 _a12p. ; 30cm.
350 _a0
490 _aBRE Digest
_v436 Part 2
650 _aBS 6399
650 _aWIND LOADING
690 _aBUILT ENVIRONMENT
942 _n0
948 _c15/04/1999
999 _c97777
_d97777